[Event "Kingston Invitational 3rd"]
[Site "Kingston upon Thames"]
[Date "2024.08.12"]
[Round "1.1"]
[White "Murphy, Conor E"]
[Black "Hill, Alistair"]
[Result "1-0"]
[WhiteElo "2460"]
[BlackElo "2089"]
[PlyCount "61"]
[EventDate "2024.08.12"]
[EventType "swiss"]
[EventRounds "9"]
[EventCountry "ENG"]
[SourceTitle "BritBase"]
[Source "John Saunders"]
[SourceDate "2024.08.18"]
[SourceVersion "1"]
[SourceVersionDate "2024.08.18"]
[SourceQuality "1"]

1. e4 e6 2. d4 d5 3. Nc3 Nf6 4. e5 Nfd7 5. f4 c5 6. Nf3 Nc6 7. Be3 a6 8. Ne2 Qb6 9. Qc1 a5 10. c3 a4 11. h4 Na5 12. Rb1 Nc4 13. Bf2 a3 14. b3 Nb2 15. Ng3 cxd4 16. Bxd4 Bc5 17. Be2 O-O 18. O-O Bxd4+ 19. Nxd4 Nb8 20. Qe3 Nc6 21. Nh5 Kh8 22. Kh2 Nxd4 23. cxd4 Bd7 24. Rbc1 Bb5 25. Bxb5 Qxb5 26. Rf3 Qd7 27. f5 exf5 28. Nxg7 Rac8 29. Nxf5 Rxc1 30. Qh6 Qxf5 31. Qxf8# 1-0

[Event "Kingston Invitational 3rd"]
[Site "Kingston upon Thames"]
[Date "2024.08.12"]
[Round "1.2"]
[White "Liu, Jack"]
[Black "Czopor, Maciej"]
[Result "0-1"]
[WhiteElo "2081"]
[BlackElo "2364"]
[PlyCount "108"]
[EventDate "2024.08.12"]
[EventType "swiss"]
[EventRounds "9"]
[EventCountry "ENG"]
[SourceTitle "BritBase"]
[Source "John Saunders"]
[SourceDate "2024.08.18"]
[SourceVersion "1"]
[SourceVersionDate "2024.08.18"]
[SourceQuality "1"]

1. e4 c5 2. Nf3 Nc6 3. d4 cxd4 4. Nxd4 e5 5. Nb5 d6 6. N1c3 a6 7. Na3 Be6 8. Nc4 Rb8 9. Ne3 Nf6 10. Bd3 Nb4 11. Be2 Be7 12. a3 Nc6 13. O-O O-O 14. Ned5 Bxd5 15. exd5 Nd4 16. Bd3 Re8 17. Re1 g6 18. Be3 Qc8 19. Bxd4 exd4 20. Ne4 Nxd5 21. Qf3 Qc6 22. Nd2 Nc7 23. Rad1 Kg7 24. Qg3 Bf6 25. Ne4 Re6 26. Nxf6 Rxf6 27. Be4 d5 28. Bd3 Rd8 29. Qh4 Ne6 30. h3 Qd6 31. Bf1 Rc8 32. Rd2 Qb6 33. b3 Qa5 34. Red1 Qxa3 35. Qg3 Rc6 36. Qe5 Qd6 37. Qxd6 Rxd6 38. Be2 h5 39. h4 Rc6 40. g3 Rc3 41. Bf1 Nc5 42. Rxd4 Rxc2 43. b4 Ne4 44. Bd3 Rcxf2 45. Bxe4 dxe4 46. Rxe4 Rb2 47. Rd3 Rc6 48. Rf3 Rc1+ 49. Rf1 Rc3 50. Re7 Rxg3+ 51. Kh1 Rh3+ 52. Kg1 Rxh4 53. Rexf7+ Kh6 54. Rxb7 Rbxb4 0-1

[Event "Kingston Invitational 3rd"]
[Site "Kingston upon Thames"]
[Date "2024.08.12"]
[Round "1.3"]
[White "Large, Peter G"]
[Black "Payne, Matthew J"]
[Result "1/2-1/2"]
[WhiteElo "2336"]
[BlackElo "2080"]
[PlyCount "102"]
[EventDate "2024.08.12"]
[EventType "swiss"]
[EventRounds "9"]
[EventCountry "ENG"]
[SourceTitle "BritBase"]
[Source "John Saunders"]
[SourceDate "2024.08.18"]
[SourceVersion "1"]
[SourceVersionDate "2024.08.18"]
[SourceQuality "1"]

1. e4 e6 2. d4 d5 3. Nc3 Nf6 4. Bg5 Bb4 5. Nge2 dxe4 6. a3 Be7 7. Bxf6 gxf6 8. Nxe4 b6 9. Nf4 f5 10. Ng3 Qd6 11. Qf3 c6 12. Rd1 Nd7 13. Ngh5 Rg8 14. g3 Bb7 15. Bg2 O-O-O 16. O-O Qc7 17. Qb3 Kb8 18. Rfe1 Nf6 19. Nxf6 Bxf6 20. c3 c5 21. Bxb7 Kxb7 22. Nh5 Bh8 23. dxc5 Qxc5 24. Qa4 Qe7 25. Nf4 Rxd1 26. Qxd1 Qc7 27. Qh5 Bf6 28. Rd1 Be5 29. Nd3 Rd8 30. Qf3+ Kb8 31. Nb4 Rxd1+ 32. Qxd1 Qd6 33. Qf3 a5 34. Nc6+ Kc7 35. Na7 Qd7 36. Qe2 Kb7 37. Nb5 Bb8 38. Qf3+ Kc8 39. a4 e5 40. Kf1 e4 41. Qe2 Be5 42. Qc4+ Kb7 43. Ke2 Qe6 44. Qxe6 fxe6 45. Ke3 Kc6 46. b3 Kd5 47. Ke2 Kc5 48. Kd2 Kd5 49. Ke3 Kc5 50. Kd2 Kd5 51. Ke3 Kc5 1/2-1/2

[Event "Kingston Invitational 3rd"]
[Site "Kingston upon Thames"]
[Date "2024.08.12"]
[Round "1.4"]
[White "Gurner, Jem"]
[Black "Buckley, Graeme N"]
[Result "1-0"]
[WhiteElo "2070"]
[BlackElo "2293"]
[PlyCount "87"]
[EventDate "2024.08.12"]
[EventType "swiss"]
[EventRounds "9"]
[EventCountry "ENG"]
[SourceTitle "BritBase"]
[Source "John Saunders"]
[SourceDate "2024.08.18"]
[SourceVersion "1"]
[SourceVersionDate "2024.08.18"]
[SourceQuality "1"]

1. e4 c5 2. c3 e6 3. d4 d5 4. exd5 exd5 5. Nf3 Nc6 6. Bb5 Nf6 7. O-O Bd6 8. dxc5 Bxc5 9. Nbd2 O-O 10. Nb3 Be7 11. h3 Ne4 12. Be3 Qd6 13. Nbd4 Rd8 14. Qc2 Bd7 15. Bd3 Qg6 16. Nxc6 Bxc6 17. Ne5 Qe6 18. Nxc6 bxc6 19. Rfe1 Bd6 20. f3 f5 21. fxe4 fxe4 22. Ba6 Qe5 23. g4 c5 24. Rad1 Rab8 25. Qg2 Rb6 26. Bf1 a5 27. Re2 Rf8 28. Rf2 Rf3 29. Rxf3 exf3 30. Qf2 Rc6 31. Rd2 Rc7 32. b3 Rf7 33. Bxc5 Bb8 34. Bd4 Qc7 35. c4 h5 36. cxd5 Rf4 37. d6 Qd7 38. Be5 Rf8 39. Bc4+ Kh7 40. Qh4 g6 41. Qe7+ Qxe7 42. dxe7 Ba7+ 43. Kf1 Re8 44. Rd8 1-0

[Event "Kingston Invitational 3rd"]
[Site "Kingston upon Thames"]
[Date "2024.08.12"]
[Round "1.5"]
[White "Bezuidenhout, Roland"]
[Black "Dicen, Elis Denele"]
[Result "0-1"]
[WhiteElo "2270"]
[BlackElo "2060"]
[PlyCount "130"]
[EventDate "2024.08.12"]
[EventType "swiss"]
[EventRounds "9"]
[EventCountry "ENG"]
[SourceTitle "BritBase"]
[Source "John Saunders"]
[SourceDate "2024.08.18"]
[SourceVersion "1"]
[SourceVersionDate "2024.08.18"]
[SourceQuality "1"]

1. Nf3 d5 2. b3 Nf6 3. Bb2 Bf5 4. g3 e6 5. Bg2 c5 6. d3 Nc6 7. Nbd2 Be7 8. O-O O-O 9. Re1 Rc8 10. e4 Bg6 11. e5 Nd7 12. a3 b5 13. Qe2 Nb6 14. Rac1 d4 15. h4 Bh5 16. Qf1 Nd5 17. Nh2 Bg6 18. Bf3 h6 19. Qg2 Re8 20. Ra1 Bf8 21. h5 Bh7 22. Nhf1 Nce7 23. Be4 Bxe4 24. Qxe4 Nc6 25. f4 Qd7 26. Kh1 f6 27. Qe2 Qf7 28. Kg1 fxe5 29. fxe5 Be7 30. Nh2 Rf8 31. Rf1 Qe8 32. Rxf8+ Bxf8 33. Ndf1 Rc7 34. Bc1 Rf7 35. g4 Be7 36. Bd2 Qf8 37. Ng3 Bh4 38. Kg2 Bxg3 39. Kxg3 Qb8 40. Re1 Nf6 41. Nf3 Nd7 42. Qe4 Ne7 43. Kg2 Qf8 44. Kg3 Nd5 45. b4 a6 46. Re2 Qe7 47. bxc5 Qxc5 48. Nxd4 Qe7 49. c4 Nc5 50. Qg6 bxc4 51. dxc4 Nc7 52. Bb4 a5 53. Bxa5 Qd7 54. Rd2 Qc8 55. Bb4 N7a6 56. Nb5 Qa8 57. Kh2 Rf8 58. Bxc5 Nxc5 59. Nd4 Qb8 60. Re2 Qb6 61. Nf5 Qb7 62. Nh4 Qb3 63. g5 Qxc4 64. gxh6 Qxe2+ 65. Kh3 Qe3+ 0-1

[Event "Kingston Invitational 3rd"]
[Site "Kingston upon Thames"]
[Date "2024.08.12"]
[Round "1.6"]
[White "Verma, Shlok"]
[Black "Browning, Alex"]
[Result "0-1"]
[WhiteElo "2060"]
[BlackElo "2267"]
[PlyCount "94"]
[EventDate "2024.08.12"]
[EventType "swiss"]
[EventRounds "9"]
[EventCountry "ENG"]
[SourceTitle "BritBase"]
[Source "John Saunders"]
[SourceDate "2024.08.18"]
[SourceVersion "1"]
[SourceVersionDate "2024.08.18"]
[SourceQuality "1"]

1. d4 Nf6 2. c4 g6 3. Nc3 Bg7 4. e4 d6 5. h3 O-O 6. Be3 c5 7. d5 b5 8. cxb5 a6 9. bxa6 Qa5 10. Qd2 Nbd7 11. Nf3 Bxa6 12. Bxa6 Qxa6 13. Qe2 Rfb8 14. Qxa6 Rxa6 15. Bc1 Nb6 16. Nd2 Na4 17. Ke2 Nd7 18. Nd1 Nxb2 19. Bxb2 Bxb2 20. Nxb2 Rxb2 21. a4 Nb6 22. Rhb1 Rxb1 23. Rxb1 Nxa4 24. Rb7 Kf8 25. Nc4 Nc3+ 26. Kd3 Na2 27. Nb6 Ra3+ 28. Kd2 Nb4 29. Nc8 Ra2+ 30. Ke3 Ra8 31. Na7 Nc2+ 32. Kd3 Ne1+ 33. Ke2 Nxg2 34. Nc6 Nf4+ 35. Kf3 Nxh3 36. Rxe7 Ra3+ 37. Kg2 Nf4+ 38. Kh2 c4 39. Rc7 h5 40. Nd8 c3 41. Nxf7 c2 42. Ng5 Ra2 43. e5 Nd3 44. Nh7+ Ke8 45. Nf6+ Kd8 46. exd6 c1=Q 47. Rd7+ Kc8 0-1

[Event "Kingston Invitational 3rd"]
[Site "Kingston upon Thames"]
[Date "2024.08.12"]
[Round "1.7"]
[White "Hobson, Kenneth"]
[Black "Clarke, Connor"]
[Result "1/2-1/2"]
[WhiteElo "2266"]
[BlackElo "2048"]
[PlyCount "121"]
[EventDate "2024.08.12"]
[EventType "swiss"]
[EventRounds "9"]
[EventCountry "ENG"]
[SourceTitle "BritBase"]
[Source "John Saunders"]
[SourceDate "2024.08.18"]
[SourceVersion "1"]
[SourceVersionDate "2024.08.18"]
[SourceQuality "1"]

1. e4 e6 2. d4 d5 3. Nc3 Bb4 4. Nge2 dxe4 5. a3 Bxc3+ 6. Nxc3 Nc6 7. d5 exd5 8. Qxd5 Be6 9. Qxe4 Nf6 10. Qh4 Qe7 11. Be3 Rd8 12. Bb5 O-O 13. O-O Bf5 14. Bxc6 bxc6 15. Qc4 Qe6 16. Qxe6 fxe6 17. Bxa7 Bxc2 18. Rac1 Bb3 19. Rfe1 Rd2 20. Re2 Rfd8 21. Be3 R2d7 22. h3 Nd5 23. Ne4 Nxe3 24. Rxe3 Rd1+ 25. Rxd1 Rxd1+ 26. Kh2 Bd5 27. Nc3 Rd2 28. Re2 Rd3 29. f3 Kf7 30. Kg3 Ke7 31. Kf2 Bc4 32. Ne4 Rd1 33. Rd2 Rf1+ 34. Ke3 e5 35. Rc2 Bd5 36. Nc3 Kd6 37. Ne2 Rb1 38. Nc1 Be6 39. Rd2+ Bd5 40. Nd3 h5 41. f4 exf4+ 42. Kxf4 Rg1 43. g4 hxg4 44. hxg4 Ke6 45. g5 g6 46. Re2+ Kd6 47. Rf2 Be6 48. Ne5 Bf5 49. Rd2+ Ke6 50. Re2 Kd5 51. Rd2+ Ke6 52. Nxc6 Rg4+ 53. Kf3 Rxg5 54. a4 Rg1 55. a5 Ra1 56. b4 Ra3+ 57. Kf2 Be4 58. Nd4+ Ke5 59. Nb5 Rh3 60. Nxc7 Rh2+ 61. Ke3 1/2-1/2

[Event "Kingston Invitational 3rd"]
[Site "Kingston upon Thames"]
[Date "2024.08.12"]
[Round "1.8"]
[White "Pal, Rohan"]
[Black "Wall, Gavin"]
[Result "0-1"]
[WhiteElo "2046"]
[BlackElo "2258"]
[PlyCount "92"]
[EventDate "2024.08.12"]
[EventType "swiss"]
[EventRounds "9"]
[EventCountry "ENG"]
[SourceTitle "BritBase"]
[Source "John Saunders"]
[SourceDate "2024.08.18"]
[SourceVersion "1"]
[SourceVersionDate "2024.08.18"]
[SourceQuality "1"]

1. d4 f5 2. g3 Nf6 3. Bg2 g6 4. Nd2 Bg7 5. e4 fxe4 6. Nxe4 Nxe4 7. Bxe4 d5 8. Bg2 Nc6 9. Nf3 Bg4 10. c3 e5 11. h3 Bxf3 12. Qxf3 Rf8 13. Qxd5 Qxd5 14. Bxd5 exd4 15. Bxc6+ bxc6 16. cxd4 Bxd4 17. O-O O-O-O 18. Be3 Bxb2 19. Rab1 Bd4 20. Bxd4 Rxd4 21. Rbc1 Kd7 22. Rc2 Rf6 23. Rb1 a5 24. Rb3 a4 25. Ra3 Rfd6 26. Kg2 R6d5 27. Rac3 c5 28. Rf3 Kc6 29. Ra3 Kb5 30. Rb2+ Rb4 31. Re2 Rd7 32. Rc3 c4 33. Re4 Rd3 34. Rc2 c3 35. Re7 Rb2 36. Rc1 Rdd2 37. Rf7 Rdc2 38. Rxc2 Rxc2 39. Rxc7 Kb4 40. Kf3 Rxa2 41. Ke3 a3 42. Rb7+ Kc4 43. Rc7+ Kb3 44. Rb7+ Kc2 45. Ke2 Rb2 46. Ra7 a2 0-1

[Event "Kingston Invitational 3rd"]
[Site "Kingston upon Thames"]
[Date "2024.08.12"]
[Round "1.9"]
[White "Gallagher, Daniel GH"]
[Black "Patel, Zain"]
[Result "0-1"]
[WhiteElo "2253"]
[BlackElo "2035"]
[PlyCount "80"]
[EventDate "2024.08.12"]
[EventType "swiss"]
[EventRounds "9"]
[EventCountry "ENG"]
[SourceTitle "BritBase"]
[Source "John Saunders"]
[SourceDate "2024.08.18"]
[SourceVersion "1"]
[SourceVersionDate "2024.08.18"]
[SourceQuality "1"]

1. e4 e5 2. Nf3 Nc6 3. d4 exd4 4. Nxd4 Nf6 5. Nxc6 bxc6 6. e5 Qe7 7. Qe2 Nd5 8. h4 Qe6 9. Nd2 a5 10. g3 Nb4 11. Nf3 Nxa2 12. Bd2 Nb4 13. Rc1 Qa2 14. Bg2 Ba6 15. c4 Qb3 16. O-O Qd3 17. Qd1 Bxc4 18. Rc3 Qe2 19. Qb1 Nd5 20. e6 fxe6 21. Re1 Nxc3 22. Bxc3 Qd3 23. Qc1 Bc5 24. Rd1 Qg6 25. Be5 Be2 26. Re1 Bxf3 27. Qxc5 d6 28. Bxd6 Bxg2 29. Kxg2 cxd6 30. Qxd6 Kf7 31. Qd7+ Kg8 32. Rxe6 Qf7 33. Qxc6 Rf8 34. f4 h5 35. Qd6 Re8 36. f5 Rxe6 37. fxe6 Qb7+ 38. Kg1 Kh7 39. Qe5 Qf3 40. Qc7 Qe3+ 0-1

[Event "Kingston Invitational 3rd"]
[Site "Kingston upon Thames"]
[Date "2024.08.12"]
[Round "1.10"]
[White "Walker, Samuel A"]
[Black "Venkataramanan, TS."]
[Result "1/2-1/2"]
[WhiteElo "2032"]
[BlackElo "2225"]
[PlyCount "64"]
[EventDate "2024.08.12"]
[EventType "swiss"]
[EventRounds "9"]
[EventCountry "ENG"]
[SourceTitle "BritBase"]
[Source "John Saunders"]
[SourceDate "2024.08.18"]
[SourceVersion "1"]
[SourceVersionDate "2024.08.18"]
[SourceQuality "1"]

1. d4 d5 2. c4 e6 3. Nf3 Nf6 4. Nc3 Be7 5. Bf4 O-O 6. e3 c5 7. dxc5 Bxc5 8. a3 Nc6 9. Be2 a6 10. Qc2 dxc4 11. Bxc4 b5 12. Be2 Qb6 13. Rc1 Be7 14. Nxb5 axb5 15. Qxc6 Qa5+ 16. b4 Qxa3 17. O-O Bd7 18. Qb7 Ra7 19. Qb6 Nd5 20. Qd4 Bxb4 21. Ra1 Bc5 22. Rxa3 Bxd4 23. Bd6 Rxa3 24. Bxa3 Ra8 25. Nxd4 Rxa3 26. Bxb5 Bxb5 27. Nxb5 Ra2 28. Rc1 g5 29. g4 Rb2 30. Nd4 Nf6 31. h3 Ne4 32. Rc2 Rxc2 1/2-1/2

[Event "Kingston Invitational 3rd"]
[Site "Kingston upon Thames"]
[Date "2024.08.12"]
[Round "1.11"]
[White "Villiers, Thomas"]
[Black "Bharat Kumar, Balahari"]
[Result "1-0"]
[WhiteElo "2195"]
[BlackElo "2031"]
[PlyCount "163"]
[EventDate "2024.08.12"]
[EventType "swiss"]
[EventRounds "9"]
[EventCountry "ENG"]
[SourceTitle "BritBase"]
[Source "John Saunders"]
[SourceDate "2024.08.18"]
[SourceVersion "1"]
[SourceVersionDate "2024.08.18"]
[SourceQuality "1"]

1. e4 c5 2. Nf3 e6 3. d4 cxd4 4. Nxd4 Nf6 5. Bd3 Nc6 6. Nxc6 bxc6 7. Bf4 d5 8. Nd2 Be7 9. O-O O-O 10. Re1 Re8 11. e5 Nd7 12. Qg4 Nc5 13. Bf1 f5 14. exf6 Bxf6 15. Be5 Bxe5 16. Rxe5 Qf6 17. Rae1 Ne4 18. Nf3 c5 19. Bd3 Bb7 20. c3 Re7 21. Rh5 Rf8 22. Re2 g6 23. Rh3 e5 24. Bxe4 dxe4 25. Nd2 Bc8 26. Qxe4 Bxh3 27. gxh3 Qg5+ 28. Kh1 Rd7 29. Qg4 Qe7 30. Kg2 Rf5 31. Nf3 Rd8 32. Qe4 Rdf8 33. Nxe5 Qg5+ 34. Kf1 Re8 35. Qc4+ Kg7 36. Nf3 Qc1+ 37. Kg2 Rf4 38. Qxf4 Qxf4 39. Rxe8 Qf7 40. Re5 Qc7 41. c4 Qa5 42. a3 Qb6 43. Re7+ Kf6 44. Rxh7 Qxb2 45. Rxa7 Qc3 46. Ra6+ Kg7 47. Rc6 Qxc4 48. Rxg6+ Kf8 49. Rg5 Qc2 50. a4 c4 51. a5 c3 52. a6 Qa4 53. Rc5 Qa3 54. Rc8+ Kg7 55. a7 Qxa7 56. Rxc3 Qb7 57. Rc4 Qd5 58. Rg4+ Kh8 59. h4 Qe6 60. Rg5 Qc6 61. Kg3 Qc7+ 62. Ne5 Qc3+ 63. Kg4 Qd4+ 64. f4 Qd1+ 65. Kf5 Qb1+ 66. Kf6 Qb6+ 67. Kf7 Qb7+ 68. Kg6 Qb6+ 69. Kh5 Qh6+ 70. Kg4 Qe6+ 71. Kg3 Qb3+ 72. Nf3 Qf7 73. h5 Qe6 74. Re5 Qg8+ 75. Ng5 Qb3+ 76. Kh4 Qa2 77. h6 Qf2+ 78. Kh5 Qxh2+ 79. Kg6 Qc2+ 80. f5 Qc6+ 81. Re6 Qd7 82. Nf7+ 1-0

[Event "Kingston Invitational 3rd"]
[Site "Kingston upon Thames"]
[Date "2024.08.12"]
[Round "1.12"]
[White "Zhao, George"]
[Black "Lalic, Peter D"]
[Result "1-0"]
[WhiteElo "2014"]
[BlackElo "2181"]
[PlyCount "67"]
[EventDate "2024.08.12"]
[EventType "swiss"]
[EventRounds "9"]
[EventCountry "ENG"]
[SourceTitle "BritBase"]
[Source "John Saunders"]
[SourceDate "2024.08.18"]
[SourceVersion "1"]
[SourceVersionDate "2024.08.18"]
[SourceQuality "1"]

1. d4 d5 2. c4 e5 3. dxe5 d4 4. Nf3 Nc6 5. a3 Nge7 6. e3 Bg4 7. Be2 dxe3 8. Bxe3 Bxf3 9. Qxd8+ Rxd8 10. gxf3 Nxe5 11. Bxa7 N7c6 12. Be3 Nd4 13. Bxd4 Rxd4 14. Nc3 Be7 15. Nb5 Rd7 16. f4 Ng6 17. Bg4 Rd3 18. Bf5 Rf3 19. Nxc7+ Kf8 20. Nd5 Nxf4 21. Be4 Rh3 22. Nxf4 Rh4 23. Bxb7 Rxf4 24. Rc1 Bc5 25. O-O Ke7 26. b4 Bd4 27. c5 Kd8 28. Bg2 Re8 29. Rc2 Re5 30. Rd1 Ke7 31. c6 Rg5 32. c7 Rfg4 33. Re1+ Be5 34. f4 1-0

[Event "Kingston Invitational 3rd"]
[Site "Kingston upon Thames"]
[Date "2024.08.12"]
[Round "1.13"]
[White "Badacsonyi, Stanley"]
[Black "Fellowes, Billy"]
[Result "1-0"]
[WhiteElo "2179"]
[BlackElo "2006"]
[PlyCount "45"]
[EventDate "2024.08.12"]
[EventType "swiss"]
[EventRounds "9"]
[EventCountry "ENG"]
[SourceTitle "BritBase"]
[Source "John Saunders"]
[SourceDate "2024.08.18"]
[SourceVersion "1"]
[SourceVersionDate "2024.08.18"]
[SourceQuality "1"]

1. d4 Nc6 2. d5 Ne5 3. e4 e6 4. f4 Ng6 5. Nf3 Bc5 6. Nc3 Nf6 7. dxe6 fxe6 8. e5 Ng4 9. Ne4 Be3 10. g3 b6 11. h3 Bxc1 12. hxg4 Bxb2 13. Rb1 Bb7 14. Qd3 Ba3 15. Neg5 Bxf3 16. Rxh7 Nxe5 17. Rxh8+ Bf8 18. fxe5 Qxg5 19. Qxf3 Ke7 20. Qxa8 Qe3+ 21. Kd1 Qd4+ 22. Bd3 Qg1+ 23. Ke2 1-0

[Event "Kingston Invitational 3rd"]
[Site "Kingston upon Thames"]
[Date "2024.08.12"]
[Round "1.14"]
[White "Haldane, Robin W"]
[Black "Frostick, Clive A"]
[Result "1-0"]
[WhiteElo "2000"]
[BlackElo "2161"]
[PlyCount "83"]
[EventDate "2024.08.12"]
[EventType "swiss"]
[EventRounds "9"]
[EventCountry "ENG"]
[SourceTitle "BritBase"]
[Source "John Saunders"]
[SourceDate "2024.08.18"]
[SourceVersion "1"]
[SourceVersionDate "2024.08.18"]
[SourceQuality "1"]

1. e4 c5 2. Nf3 e6 3. d4 cxd4 4. Nxd4 Nf6 5. Nc3 Nc6 6. Nxc6 bxc6 7. e5 Nd5 8. Ne4 Qc7 9. f4 Qb6 10. c4 Bb4+ 11. Ke2 f5 12. exf6 Nxf6 13. Be3 Qd8 14. Nd6+ Bxd6 15. Qxd6 Bb7 16. Rd1 Rc8 17. Rg1 c5 18. g4 Rf8 19. Bg2 Bxg2 20. Rxg2 Rc6 21. Qxc6 dxc6 22. Rxd8+ Kxd8 23. Bxc5 Rf7 24. Ke3 a6 25. Rd2+ Rd7 26. Rxd7+ Nxd7 27. Bd4 g6 28. b4 Kc7 29. Ke4 Kd6 30. Bc5+ Kc7 31. h3 Kd8 32. f5 exf5+ 33. gxf5 Ke8 34. Bd4 Kf7 35. a4 Ke7 36. a5 Kd6 37. Be5+ Ke7 38. fxg6 hxg6 39. Bd4 Ke6 40. b5 axb5 41. a6 c5 42. a7 1-0

[Event "Kingston Invitational 3rd"]
[Site "Kingston upon Thames"]
[Date "2024.08.12"]
[Round "1.15"]
[White "Banerjee, Supratit"]
[Black "Skettos, Nicolas"]
[Result "1-0"]
[WhiteElo "2156"]
[BlackElo "1985"]
[PlyCount "105"]
[EventDate "2024.08.12"]
[EventType "swiss"]
[EventRounds "9"]
[EventCountry "ENG"]
[SourceTitle "BritBase"]
[Source "John Saunders"]
[SourceDate "2024.08.18"]
[SourceVersion "1"]
[SourceVersionDate "2024.08.18"]
[SourceQuality "1"]

1. e4 c5 2. c3 g6 3. d4 cxd4 4. cxd4 d5 5. e5 a6 6. Nf3 Bg4 7. Be2 Nc6 8. Nc3 Bxf3 9. Bxf3 e6 10. Be3 Bg7 11. O-O Nge7 12. Rc1 b5 13. Bg5 Rc8 14. a4 b4 15. Ne2 O-O 16. Qd2 Qb6 17. Rc5 Nf5 18. Rfc1 Rfe8 19. a5 Qb7 20. g4 Nfe7 21. h4 Na7 22. Bf6 Rxc5 23. dxc5 Nac6 24. Qf4 Nc8 25. h5 h6 26. g5 hxg5 27. Qxg5 N8e7 28. Bxg7 Kxg7 29. Qf6+ Kg8 30. Ng3 Qc7 31. h6 Qxe5 32. h7+ Kxh7 33. Qxf7+ Kh6 34. Qxe8 Qf4 35. Re1 Qxf3 36. Rxe6 d4 37. Rxe7 Nxe7 38. Qxe7 d3 39. Qh4+ Kg7 40. Qd4+ Kf7 41. Qd7+ Kf6 42. c6 d2 43. Qxd2 Qxc6 44. Qxb4 Qc1+ 45. Kg2 Qc6+ 46. Qe4 Qc1 47. Qf3+ Ke5 48. Qe3+ Qxe3 49. fxe3 Kd5 50. e4+ Kc4 51. Kf3 Kb5 52. e5 Kc6 53. Ke4 1-0

[Event "Kingston Invitational 3rd"]
[Site "Kingston upon Thames"]
[Date "2024.08.12"]
[Round "1.16"]
[White "Hasson, Peter"]
[Black "Eames, Robert S"]
[Result "1/2-1/2"]
[WhiteElo "1984"]
[BlackElo "2145"]
[PlyCount "77"]
[EventDate "2024.08.12"]
[EventType "swiss"]
[EventRounds "9"]
[EventCountry "ENG"]
[SourceTitle "BritBase"]
[Source "John Saunders"]
[SourceDate "2024.08.18"]
[SourceVersion "1"]
[SourceVersionDate "2024.08.18"]
[SourceQuality "1"]

1. c4 c5 2. g3 Nf6 3. Bg2 d5 4. cxd5 Nxd5 5. Nc3 Nc7 6. d3 e5 7. Nf3 Nc6 8. O-O Be7 9. Be3 O-O 10. Nd2 Bd7 11. a4 Rc8 12. Nc4 f6 13. a5 Kh8 14. Re1 Ne6 15. Nd5 Ned4 16. Bd2 Bg4 17. Bc3 Qd7 18. a6 b5 19. Ncb6 axb6 20. Nxb6 Qa7 21. Nxc8 Rxc8 22. Bxd4 Nxd4 23. Bb7 Rc7 24. Kg2 c4 25. f3 Be6 26. dxc4 Rxc4 27. Rc1 Bb4 28. Rf1 g6 29. b3 Rxc1 30. Qxc1 Bxb3 31. Qc8+ Kg7 32. Rb1 Nxe2 33. Qd7+ Bf7 34. Qxb5 Nc3 35. Qxb4 Nxb1 36. Qxb1 Qd4 37. Qg1 Qb2+ 38. Qf2 Qb5 39. g4 1/2-1/2

[Event "Kingston Invitational 3rd"]
[Site "Kingston upon Thames"]
[Date "2024.08.12"]
[Round "1.17"]
[White "Josse, Mark"]
[Black "Wilson, Ewan"]
[Result "0-1"]
[WhiteElo "2141"]
[BlackElo "1983"]
[PlyCount "80"]
[EventDate "2024.08.12"]
[EventType "swiss"]
[EventRounds "9"]
[EventCountry "ENG"]
[SourceTitle "BritBase"]
[Source "John Saunders"]
[SourceDate "2024.08.18"]
[SourceVersion "1"]
[SourceVersionDate "2024.08.18"]
[SourceQuality "1"]

1. e4 c5 2. Nf3 e6 3. Nc3 Nc6 4. d4 cxd4 5. Nxd4 Qc7 6. Be3 a6 7. Be2 Nf6 8. a3 Be7 9. f4 d5 10. exd5 Nxd5 11. Nxd5 exd5 12. O-O O-O 13. Bf3 Rd8 14. Qd3 Bf6 15. Nxc6 bxc6 16. c3 a5 17. Rfd1 Ba6 18. Qd2 a4 19. Bd4 Be7 20. f5 f6 21. Qf2 Rab8 22. Bc5 Bxc5 23. Qxc5 Qb6 24. Qxb6 Rxb6 25. Rd2 Rdb8 26. Re1 Rxb2 27. Rxb2 Rxb2 28. Re6 Bb5 29. Bh5 g6 30. fxg6 hxg6 31. Bxg6 Ra2 32. h4 Kg7 33. h5 Rxa3 34. Re7+ Kh6 35. g4 Rxc3 36. Bf5 a3 37. Rh7+ Kg5 38. Rg7+ Kf4 39. Kh2 Rc4 40. Bb1 a2 0-1

[Event "Kingston Invitational 3rd"]
[Site "Kingston upon Thames"]
[Date "2024.08.12"]
[Round "1.18"]
[White "Pirgon, Joshua"]
[Black "Healey, Michael W"]
[Result "0-1"]
[WhiteElo "1982"]
[BlackElo "2130"]
[PlyCount "132"]
[EventDate "2024.08.12"]
[EventType "swiss"]
[EventRounds "9"]
[EventCountry "ENG"]
[SourceTitle "BritBase"]
[Source "John Saunders"]
[SourceDate "2024.08.18"]
[SourceVersion "1"]
[SourceVersionDate "2024.08.18"]
[SourceQuality "1"]

1. e4 c5 2. Nf3 e6 3. d4 cxd4 4. Nxd4 Nf6 5. Bd3 Nc6 6. Nxc6 bxc6 7. O-O e5 8. c4 Be7 9. Nc3 d6 10. Qe2 O-O 11. Kh1 Bg4 12. f3 Be6 13. f4 exf4 14. Bxf4 Nd7 15. Nd5 f6 16. Nxe7+ Qxe7 17. b3 Bf7 18. Qe3 c5 19. Be2 Rad8 20. Rae1 Nb8 21. Bf3 Nc6 22. Rf2 Rfe8 23. Bg4 a5 24. Qc1 Bg6 25. Rff1 Nd4 26. Bf3 Qa7 27. Be3 Nc6 28. Bf2 a4 29. Qc3 h6 30. h3 Re7 31. Qd2 Kh8 32. b4 Qc7 33. bxc5 dxc5 34. Qc2 Ne5 35. Rd1 Rxd1 36. Rxd1 Nxf3 37. gxf3 Qf4 38. Kg2 Kh7 39. Bg3 Qg5 40. Rd5 Qe3 41. Bf2 Qf4 42. Bxc5 Rxe4 43. Qd2 Qxd2+ 44. Rxd2 Rxc4 45. Bd6 Bf7 46. a3 Kg6 47. Rd3 Be6 48. Kg3 Kf5 49. Bf8 Rc8 50. Bb4 g5 51. Rd4 Rc6 52. f4 h5 53. fxg5 fxg5 54. h4 Ke5 55. Rd2 g4 56. Rd1 Bd5 57. Rd3 Rc2 58. Rd2 Rc4 59. Re2+ Kf5 60. Rd2 Be4 61. Rf2+ Bf3 62. Rd2 Rc1 63. Kf2 Rh1 64. Be7 Rh2+ 65. Ke3 g3 66. Rd8 Bg4 0-1

[Event "Kingston Invitational 3rd"]
[Site "Kingston upon Thames"]
[Date "2024.08.12"]
[Round "1.19"]
[White "Seymour, Timothy P"]
[Black "Taylor, William J"]
[Result "0-1"]
[WhiteElo "2124"]
[BlackElo "1967"]
[PlyCount "52"]
[EventDate "2024.08.12"]
[EventType "swiss"]
[EventRounds "9"]
[EventCountry "ENG"]
[SourceTitle "BritBase"]
[Source "John Saunders"]
[SourceDate "2024.08.18"]
[SourceVersion "1"]
[SourceVersionDate "2024.08.18"]
[SourceQuality "1"]

1. Nf3 Nf6 2. c4 g6 3. d4 Bg7 4. e3 O-O 5. Be2 d6 6. Nc3 Bf5 7. Qb3 b6 8. d5 a5 9. Nd4 Bd7 10. O-O Na6 11. Qd1 Nc5 12. Bf3 Rc8 13. b3 e5 14. dxe6 fxe6 15. Ba3 c6 16. e4 Ne8 17. Qd2 Qh4 18. Rad1 e5 19. Nde2 Bh6 20. Qc2 Rxf3 21. gxf3 Bh3 22. Ng3 Qf6 23. Qe2 Bxf1 24. Nxf1 Ne6 25. Bc1 Bxc1 26. Rxc1 Qg5+ 0-1